000 00409nam a2200181Ia 4500
001 16123
005 20260306170246.0
008 260306t2007||||xx |||||||||||||| ||und||
041 _aESP
082 _a346.61
_bV61 V61
100 _aVidal Ramírez, Fernando
_eAUT
245 0 _aLa cesión de derechos
260 _c2007
300 _a
_c
650 _aGEN
654 _aCDE
942 _cLIB
_dJUS
_fJUS
_2ddc
_n
999 _c16123
_d16123